|
|
|
|
| LEADER |
01634nam a2200337 a 4500 |
| 001 |
1979568 |
| 008 |
091015s1995 njua b 001 0 eng d |
| 010 |
|
|
|a 89007009
|
| 020 |
|
|
|a 8125005447
|
| 020 |
|
|
|a 0389208841 (alk. paper)
|
| 020 |
|
|
|a 038920885X (pbk. : alk. paper)
|
| 040 |
|
|
|a DLC
|c DLC
|d DLC
|
| 082 |
0 |
0 |
|a 820.9/145
|2 20
|
| 100 |
1 |
|
|a Alexander, Meena,
|d 1951-
|
| 245 |
1 |
0 |
|a Women in romanticism :
|b Mary Wollstonecraft, Dorothy Wordsworth, and Mary Shelley /
|c Meena Alexander.
|
| 260 |
|
|
|a Savage, Md. :
|b Barnes & Noble Books, ;
|a Hyderabad :
|b Orient Longman,
|c 1995.
|
| 300 |
|
|
|a xi, 215 p. :
|b ill. ;
|c 20 cm.
|
| 490 |
0 |
|
|a Women writers
|
| 504 |
|
|
|a Includes bibliogaraphical references (p. 204-211) and index.
|
| 541 |
1 |
|
|e 00019395
|
| 650 |
|
0 |
|a English literature
|y 19th century
|x History and criticism.
|
| 650 |
|
0 |
|a Romanticism
|z England.
|
| 650 |
|
0 |
|a Women and literature
|z England
|x History
|y 19th century.
|
| 650 |
|
0 |
|a Women and literature
|z England
|x History
|y 18th century.
|
| 650 |
|
0 |
|a English literature
|x Women authors
|x History and criticism.
|
| 600 |
1 |
0 |
|a Wollstonecraft, Mary,
|d 1759-1797
|x Criticism and interpretation.
|
| 600 |
1 |
0 |
|a Wordsworth, Dorothy,
|d 1771-1855
|x Criticism and interpretation.
|
| 600 |
1 |
0 |
|a Shelley, Mary Wollstonecraft,
|d 1797-1851
|x Criticism and interpretation.
|
| 852 |
4 |
|
|a Ayesha Abed Library
|j General shelf
|
| 999 |
|
|
|c 4689
|d 4689
|
| 952 |
|
|
|0 0
|1 0
|2 ddc
|4 0
|6 820_914500000000000_ALE
|7 0
|9 4475
|a BRACUL
|b BRACUL
|c GEN
|d 2009-10-13
|e High Commisiion of India
|l 2
|o 820.9145 ALE
|p 3010019395
|r 2024-01-24
|s 2024-01-23
|t 1
|w 2009-10-18
|y BK
|x Transferred from ENH to Ayesha Abed library on 20/12/2023
|